Movies Quiz

Random Movies or Marvel Quiz

Odd One Out: MCU Scenes Quiz Stats

 Plays Quiz Updated Apr 26, 2019

Score 0/21 Timer 08:00
25 Plays Today
Question Answer Wrong Answers
Captain America: The First Avenger
89.9%
2.4%
2%
4%
The Avengers
87.6%
5.7%
3.1%
1.5%
Captain Marvel
85.9%
1.3%
4.6%
3%
Iron Man
82.1%
7.4%
4.9%
5.5%
Black Panther
81.2%
2.8%
2%
9.2%
Spider-Man: Homecoming
80.9%
4.3%
7.2%
3%
Avengers: Age of Ultron
80.5%
8.7%
2%
5.2%
Thor
80.2%
3.8%
5.7%
9%
Captain America: The Winter Soldier
79.1%
7.4%
5.8%
4.7%
Thor: The Dark World
73.9%
3.3%
12.2%
7.8%
Ant-Man and the Wasp
73.8%
7.4%
6.6%
7.1%
Avengers: Infinity War
73.6%
10%
2.3%
9%
Guardians of the Galaxy Vol. 2
72.1%
9.4%
3%
11%
Doctor Strange
71.5%
5.8%
8.8%
9.5%
Thor: Ragnarok
71.2%
16.2%
4.4%
3.5%
Guardians of the Galaxy
68.4%
3.7%
4.3%
20.2%
Iron Man 3
67.7%
17.7%
7.3%
4.9%
Ant-Man
66.8%
9%
6.5%
13.8%
The Incredible Hulk
62.5%
10.5%
9.3%
17.5%
Iron Man 2
61.5%
12%
11.7%
14%
Captain America: Civil War
56.7%
25.9%
1.1%
12.4%

You're not logged in!

Compare scores with friends on all Sporcle quizzes.
OR
Log In

Sporcle TV

Today on Sporcle TV


Watch our educational content, quiz creation guides, and fun videos on Sporcle TV.

Show Comments

Extras

Top Quizzes Today


Score Distribution

Your Account Isn't Verified!

In order to create a playlist on Sporcle, you need to verify the email address you used during registration. Go to your Sporcle Settings to finish the process.

Report this User

Report this user for behavior that violates our Community Guidelines.

Details: